000
00300nam a2200133Ia 4500
008
190216s9999||||xx |||||||||||||| ||und||
100
_a
Hadley G
245
0
_a
Linear Algebra
250
_a
9th ed
260
_b
Addison-Wesley Pbl: Co:
_c
1980
300
_a
290
650
_a
Mathematics
942
_c
BK
999
_c
30796
_d
30796